000 00477nam a2200193Ia 4500
008 101110s9999 xx 000 0 und d
041 _aENGLISH
082 _bSR10029
_a551.6
100 _aCritchfield Howard J.
245 _aGeneral Climatology 2nd ed.
365 _b14
520 _aGeography
546 _aENGLISH
630 _aGeneral Climatology 2nd ed.
650 _aGeography
655 _aGeography
730 _aGeneral Climatology 2nd ed.
942 _cBOOK
999 _c805043
_d805040